[Event "5th Parsvnath Open"]
[Site "New Delhi IND"]
[Date "2007.01.17"]
[Round "4"]
[White "Dreev,A"]
[Black "Hasan,Me"]
[Result "1-0"]
[WhiteElo "2658"]
[BlackElo "2307"]

1.d4 d5 2.c4 c6 3.Nf3 Nf6 4.e3 a6 5.b3 Bg4 6.Nbd2 e6 7.Bd3 Nbd7 8.Qc2 Bd6
9.Bb2 Bh5 10.Ne5 Bg6 11.Nxg6 hxg6 12.Nf3 Bb4+ 13.Bc3 Qa5 14.Rc1 Rc8 15.h3 O-O
16.O-O Rfe8 17.Bb2 Ba3 18.Rfd1 Rcd8 19.Rb1 Bd6 20.Bc3 Bb4 21.Bb2 Bd6 22.a3 b5
23.b4 Qc7 24.c5 Be7 25.Ne5 Nxe5 26.dxe5 Nd7 27.f4 a5 28.Kf2 axb4 29.axb4 Ra8
30.h4 Ra4 31.Bd4 Rea8 32.Rh1 Ra2 33.Rb2 Ra1 34.Rxa1 Rxa1 35.g3 Qd8 36.Kg2 Bxh4
37.Rb3 Re1 38.Qf2  1-0

[Event "5th Parsvnath Open"]
[Site "New Delhi IND"]
[Date "2007.01.18"]
[Round "6"]
[White "Barua,D"]
[Black "Dreev,A"]
[Result "0-1"]
[WhiteElo "2467"]
[BlackElo "2658"]

1.e4 c5 2.Nf3 Nc6 3.d4 cxd4 4.Nxd4 Nf6 5.Nc3 d6 6.Be2 e5 7.Nf3 h6 8.O-O Be7
9.Re1 O-O 10.h3 a6 11.Bf1 Qc7 12.Nd5 Nxd5 13.exd5 Nb8 14.c4 a5 15.b3 Na6
16.Bb2 Nc5 17.Bc3 Bf5 18.a3 Bg6 19.Nd2 b6 20.b4 Nd3 21.Re3 Nf4 22.Nf3 f5
23.Qb3 Bf7 24.Qb2 Bf6 25.Rc1 axb4 26.axb4 b5 27.g3 Ng6 28.c5 Bxd5 29.cxd6 Qxd6
30.Rd1 e4 31.Bxf6 Rxf6 32.Nd4 Ra2 33.Qb1 Qb6 34.Ne2 Bf7 35.Nc3 f4 36.gxf4 Rxf2
37.Kxf2 Rxf4+ 38.Ke2 Bc4+ 39.Kd2 Qd4+ 40.Kc2 Rf2+  0-1

[Event "5th Parsvnath Open"]
[Site "New Delhi IND"]
[Date "2007.01.21"]
[Round "9"]
[White "Rohit,G"]
[Black "Dreev,A"]
[Result "1/2-1/2"]
[WhiteElo "2392"]
[BlackElo "2658"]

1.e4 c6 2.d4 d5 3.Nc3 dxe4 4.Nxe4 Bf5 5.Ng3 Bg6 6.h4 h6 7.Nf3 Nd7 8.h5 Bh7
9.Bd3 Bxd3 10.Qxd3 e6 11.Bf4 Ngf6 12.O-O-O Be7 13.Kb1 O-O 14.Ne4 Nxe4 15.Qxe4 Nf6
16.Qe2 Qd5 17.Ne5 Qe4 18.Qxe4 Nxe4 19.Rhe1 Nf6 20.g4 Rfd8 21.c3 c5 22.dxc5 Bxc5
23.f3 Nd5 24.Bc1 b5 25.Rd3 Rac8 26.f4 Nf6  1/2-1/2

[Event "5th Parsvnath Open"]
[Site "New Delhi IND"]
[Date "2007.01.22"]
[Round "10"]
[White "Dreev,A"]
[Black "Adhiban,B"]
[Result "1-0"]
[WhiteElo "2658"]
[BlackElo "2275"]

1.d4 Nf6 2.c4 e6 3.Nf3 b6 4.Nc3 Bb4 5.Bg5 Bb7 6.e3 h6 7.Bh4 g5 8.Bg3 Ne4
9.Qc2 Bxc3+ 10.bxc3 d6 11.Bd3 f5 12.d5 Nd7 13.Bxe4 fxe4 14.Qxe4 Qf6 15.O-O O-O-O
16.Qxe6 Qxe6 17.dxe6 Nc5 18.Nd2 Rhe8 19.f3 d5 20.Rfd1 Na4 21.cxd5 Nxc3 22.d6 Rxe6
23.Re1 Nb5 24.Nc4 Nxd6 25.Nxd6+ cxd6 26.Rac1+ Kd7 27.e4 h5 28.Red1 h4 29.Be1 g4
30.Bxh4 Rg8 31.Bg3 Rf8 32.Rd3 gxf3 33.gxf3 b5 34.a3 a5 35.Rdc3 Rc8 36.Rxc8 Bxc8
37.Be1 a4 38.Ba5 Re8 39.Kf2 d5 40.exd5 Kd6 41.Rd1 Bb7 42.Bb4+ Kd7 43.h4 Rc8
44.Kg3 Rg8+ 45.Kf4 Rh8 46.Kg5 Rg8+ 47.Kf6 Rh8 48.Rd4 Rh5 49.Kg6 Rh8 50.h5 Rg8+
51.Kf6 Rh8 52.Rh4 Bxd5 53.h6 Rh7 54.Kg6 Bg8 55.Rf4 Rh8 56.Kg7  1-0

[Event "Open"]
[Site "Moscow RUS"]
[Date "2007.01.29"]
[Round "3"]
[White "Dreev,A"]
[Black "Ionov,S"]
[Result "0-1"]
[WhiteElo "2658"]
[BlackElo "2522"]

1.d4 Nf6 2.c4 e6 3.Nf3 b6 4.Nc3 Bb7 5.Bg5 h6 6.Bh4 Be7 7.e3 c5 8.Bd3 cxd4
9.Nxd4 O-O 10.O-O Nc6 11.Nxc6 Bxc6 12.Rc1 Ne4 13.Bxe4 Bxh4 14.Qf3 Rc8 15.Rfd1 Bf6
16.Bxc6 Rxc6 17.b3 a6 18.Ne4 Be7 19.Rc3 f5 20.Ng3 Qc7 21.Rcd3 Rd6 22.Nh5 Rxd3
23.Rxd3 Kh7 24.Qd1 Rd8 25.Qa1 Bf8 26.h3 Re8 27.g4 Re7 28.gxf5 exf5 29.Rd5 Rf7
30.a4 Qc6 31.Qe5 Qg6+ 32.Ng3 f4 33.exf4 Qb1+ 34.Kg2 Qxb3 35.Qe4+ Kg8 36.a5 b5
37.cxb5 Rxf4 38.Rd3 Qxb5 39.Qxf4 Qxd3 40.Qc7 Qd5+ 41.Kg1 Qe6 42.Qc8 Qe1+
43.Kg2 Qxa5 44.Qxd7 Qe5 45.Nf5 a5 46.Nd4 Qd6 47.Qa4 Qd5+ 48.Nf3 Bb4 49.Qc2 Qe6
50.Nd4 Qd5+ 51.Nf3 Be7 52.Qc8+ Kf7 53.Qc7 g6 54.Qf4+ Kg7 55.Qc7 Qc5 56.Qd7 Kf7
57.Qd2 h5 58.Qd7 Qf5 59.Qc6 Kg7 60.Qc7 Kf8 61.Qb8+ Kf7 62.Qa7 Qd5 63.Kg3 g5
64.Ng1 h4+ 65.Kh2 Qc5 66.Qb7 Qxf2+ 67.Kh1 Qf5 68.Kg2 a4 69.Nf3 a3 70.Nd4 Qe5
71.Qf3+ Bf6 72.Qb3+ Kg7 73.Ne6+ Kh6 74.Nf8 Qb2+  0-1

[Event "Open"]
[Site "Moscow RUS"]
[Date "2007.01.30"]
[Round "4"]
[White "Kozlov,VN"]
[Black "Dreev,A"]
[Result "0-1"]
[WhiteElo "2413"]
[BlackElo "2658"]

1.e4 c5 2.Nf3 Nc6 3.d4 cxd4 4.Nxd4 Nf6 5.Nc3 d6 6.Bc4 e6 7.Be3 Be7 8.Qe2 a6
9.O-O-O Nxd4 10.Bxd4 b5 11.Bb3 Bb7 12.f3 O-O 13.g4 b4 14.Na4 Nd7 15.h4 Qa5
16.Qf2 Bc6 17.Nb6 Nxb6 18.Bxb6 Qb5 19.Bd4 a5 20.Qf1 Qxf1 21.Rdxf1 Bb5 22.c4 bxc3
23.Rf2 a4 24.Bd1 cxb2+ 25.Rxb2 Rfc8+ 26.Kd2 Bc4 27.g5 e5 28.Bc3 f6 29.Rg1 fxg5
30.hxg5 Ra7  0-1

[Event "Open"]
[Site "Moscow RUS"]
[Date "2007.01.31"]
[Round "5"]
[White "Dreev,A"]
[Black "Danin,A"]
[Result "1-0"]
[WhiteElo "2658"]
[BlackElo "2451"]

1.d4 Nf6 2.c4 g6 3.Nc3 d5 4.cxd5 Nxd5 5.Bd2 Bg7 6.e4 Nb6 7.Be3 O-O 8.Bb5 f5
9.Nh3 a6 10.Be2 Nc6 11.d5 Ne5 12.Qb3 Kh8 13.O-O Ng4 14.Bxg4 fxg4 15.Nf4 Qd6
16.Nce2 g5 17.Nd3 Qg6 18.Nc5 Be5 19.Bd4 Qf6 20.Qc3 Bxd4 21.Nxd4 Bd7 22.a4 a5
23.b4 axb4 24.Qxb4 Bc8 25.a5 Rf7 26.f3 Nd7 27.fxg4 Nb8  1-0

[Event "Open"]
[Site "Moscow RUS"]
[Date "2007.02.01"]
[Round "6"]
[White "Gareev,T"]
[Black "Dreev,A"]
[Result "1/2-1/2"]
[WhiteElo "2551"]
[BlackElo "2658"]

1.c4 c6 2.Nf3 d5 3.d4 dxc4 4.e4 b5 5.a4 e6 6.Nc3 b4 7.Ne2 Ba6 8.Ng3 Nf6 9.Bg5 Qa5
10.Be2 Nbd7 11.O-O h6 12.Be3 Be7 13.Nd2 Nb6  1/2-1/2

[Event "Open"]
[Site "Moscow RUS"]
[Date "2007.02.02"]
[Round "7"]
[White "Dreev,A"]
[Black "Oleksienko,M"]
[Result "1-0"]
[WhiteElo "2658"]
[BlackElo "2541"]

1.d4 Nf6 2.Nf3 c5 3.d5 b5 4.Bg5 Qb6 5.Nc3 b4 6.Na4 Qa5 7.Bxf6 gxf6 8.b3 d6
9.e4 Bg7 10.Bd3 c4 11.Bxc4 f5 12.exf5 Bxf5 13.Nd4 Bd7 14.O-O O-O 15.Qd3 Bxa4
16.bxa4 Nd7 17.Rae1 Ne5 18.Qg3 Kh8 19.Bb3 Bf6 20.Re4 Qc5 21.Nf5 Rg8 22.Qh3 Qc8
23.Rxb4 Rg5 24.Ng3 Nf3+ 25.Kh1 Qxh3 26.gxh3 Bd4 27.Rd1 Bxf2 28.Ne4 Bc5 29.Nxg5 Nxg5
30.Rh4 f5 31.Rf1 Rg8 32.Rhf4 Ne4 33.Rxf5 Nd2 34.R1f2 Bxf2 35.Rxf2 Ne4 36.Re2 Ng5
37.Kg2 Nf7+ 38.Kf3 Ne5+ 39.Ke4 Rg5 40.a5 Kg7 41.Rf2 Rh5 42.Rg2+ Kf7 43.Rg3 Rh4+
44.Ke3 Nc4+ 45.Kd3 Nxa5 46.Rf3+ Kg7 47.c4 Nb7 48.Bc2 Nc5+ 49.Kc3 a5 50.Rg3+ Kf6
51.Rf3+ Kg7 52.a3 Kg8 53.Bf5 Na4+ 54.Kb3 Nc5+ 55.Kc3 Na4+ 56.Kd2 Nb6 57.Be6+ Kg7
58.c5 dxc5 59.Rf7+ Kg6 60.Rxe7 Rd4+ 61.Kc2 Nxd5 62.Ra7 Ne3+ 63.Kc3 Nd1+ 64.Kb3 Re4
65.Bf7+ Kf6 66.Bg8 Re3+ 67.Kc2 Nc3 68.Rxa5 Rxh3 69.a4 Nxa4 70.Rxa4 Rxh2+
71.Kd3 h5 72.Rc4 Ke5 73.Re4+ Kf5 74.Be6+ Kg5 75.Rc4 Kf6 76.Bc8 Ke5 77.Rxc5+ Kf6
78.Ke3 Kg6 79.Bd7 Kf7 80.Kf4 Rd2 81.Bf5 Ke7 82.Rc7+ Kf6 83.Rc6+ Ke7 84.Ke5 Re2+
85.Be4 Re1 86.Rc7+ Kd8 87.Rh7 Ke8 88.Rxh5 Ke7 89.Rh7+ Ke8 90.Ra7 Re2 91.Kd5 Kf8
92.Bf5 Re1 93.Be6 Re2 94.Kd6 Re1 95.Rf7+ Ke8 96.Rf4 Rd1+ 97.Bd5 Rd2 98.Rf1 Rd3
99.Rg1  1-0

[Event "Open"]
[Site "Moscow RUS"]
[Date "2007.02.03"]
[Round "8"]
[White "Svetushkin,D"]
[Black "Dreev,A"]
[Result "1/2-1/2"]
[WhiteElo "2588"]
[BlackElo "2658"]

1.e4 c5 2.Nf3 Nc6 3.Bb5 d6 4.O-O Bd7 5.Re1 Nf6 6.c3 a6 7.Ba4 b5 8.Bc2 Bg4
9.d3 e6 10.Nbd2 Be7 11.h3 Bh5 12.Nf1 Nd7 13.Ng3 Bg6 14.Ne2 e5 15.d4 exd4
16.cxd4 O-O 17.Bf4 Nb4 18.Bb1 d5 19.Ng3 dxe4 20.Nxe4 c4 21.a3 Nd5 22.Bd6 Bxd6
23.Nxd6 Qb6 24.Bxg6 hxg6 25.Ne4 Rfe8 26.Qd2 Rad8 27.Rad1 Nf8 28.g3 Re7 29.h4 Rde8
30.Nc5 f6 31.Kg2 Qc6 32.Rxe7 Rxe7 33.Re1 Ne6 34.Ne4 Nec7 35.Nc5 Ne6 36.Ne4 Qe8
37.Nc5 Qc6  1/2-1/2

[Event "TCh-FRA Top 16 GpB"]
[Site "Metz FRA"]
[Date "2007.02.10"]
[Round "2"]
[White "Bergez,L"]
[Black "Dreev,A"]
[Result "1/2-1/2"]
[WhiteElo "2402"]
[BlackElo "2658"]

1.d4 d5 2.c4 dxc4 3.e3 e5 4.Bxc4 exd4 5.exd4 Nf6 6.Nc3 Be7 7.Nf3 O-O 8.O-O Nc6
9.Be3 Na5 10.Bd3 Be6 11.Ne5 c5 12.Qa4 cxd4 13.Bxd4 Nc4 14.Bxc4 Qxd4 15.Bxe6 Qxe5
16.Rfe1 Qh5 17.Bb3 Ng4 18.h3 Nxf2 19.Kxf2 Bc5+ 20.Kg3 Bd6+ 21.Kf2 Bc5+ 22.Kg3 Bd6+
23.Kf2  1/2-1/2

[Event "TCh-FRA Top 16 GpB"]
[Site "Metz FRA"]
[Date "2007.02.11"]
[Round "3"]
[White "Dreev,A"]
[Black "Gladyszev,O"]
[Result "1-0"]
[WhiteElo "2658"]
[BlackElo "2455"]

1.d4 Nf6 2.c4 g6 3.Nc3 Bg7 4.e4 d6 5.f3 O-O 6.Nge2 c5 7.d5 e6 8.Ng3 exd5
9.cxd5 h5 10.Bg5 a6 11.a4 Qc7 12.Qd2 Nh7 13.Bh6 h4 14.Bxg7 Kxg7 15.Nge2 Qe7
16.Nf4 Nd7 17.Be2 Ne5 18.O-O f5 19.Rad1 Nf6 20.Ne6+ Bxe6 21.dxe6 Qxe6 22.Qxd6 Qxd6
23.Rxd6 fxe4 24.fxe4 Nfg4 25.Rb6 Rxf1+ 26.Bxf1 Ra7 27.Nd5 Nd7 28.Rd6 Nge5
29.a5 Ra8 30.Nf4 Rc8 31.Nxg6 Rc6 32.Nxh4 Kf8 33.Nf5 Nf6 34.Rd8+ Kf7 35.Rb8 Nxe4
36.Rxb7+ Ke6 37.Ne3 Nd6 38.Rb6 Rxb6 39.axb6 a5 40.h4 Kd7 41.h5 Kc6 42.h6 Kxb6
43.Nc4+ Ndxc4 44.Bxc4 Kc6 45.h7 Ng6 46.Kf2 Kd6 47.Ke3 Ke5 48.Bf7 Nh8 49.Be8  1-0

[Event "Aeroflot Open"]
[Site "Moscow RUS"]
[Date "2007.02.14"]
[Round "1"]
[White "Luther,T"]
[Black "Dreev,A"]
[Result "1/2-1/2"]
[WhiteElo "2580"]
[BlackElo "2658"]

1.e4 c5 2.Nf3 Nc6 3.d4 cxd4 4.Nxd4 Nf6 5.Nc3 d6 6.Bg5 Bd7 7.Qd2 Rc8 8.Nxc6 bxc6
9.f4 h6 10.Bh4 g5 11.fxg5 hxg5 12.Bxg5 Ng4 13.Be2 Bg7 14.Bxg4 Bxg4 15.Nd1 Qb6
16.Be3 Qb5 17.c3 Qe5 18.Nf2 Rxh2 19.Rg1 Qe6 20.Bd4 Bh6 21.Be3 f5 22.Bxh6 Rxh6
23.Nxg4 fxg4 24.O-O-O Rh5 25.b3 Re5 26.Rge1 a5 27.Qd4 Kd7 28.Kb2 Rc7 29.Qa4 Rc8
30.Qd4 Ra8 31.Ka3 Kc7 32.Qe3 Rb5 33.Rd4 Kb7 34.Rb1 Qe5 35.Rf1 Rc5 36.Rf5 Qe6
37.Rxc5 dxc5 38.Rc4 a4 39.Rxa4 Rxa4+ 40.Kxa4 Qd6 41.Ka3 c4+ 42.Kb2 cxb3 43.axb3 Qd1
44.e5 e6 45.b4 Qd5 46.g3 Qf3 47.Qe1 Qd3 48.Kb3 Kc7 49.Kb2 Kb7 50.Kb3 Kc7
51.Kb2  1/2-1/2

[Event "Aeroflot Open"]
[Site "Moscow RUS"]
[Date "2007.02.15"]
[Round "2"]
[White "Dreev,A"]
[Black "Halkias,S"]
[Result "1-0"]
[WhiteElo "2658"]
[BlackElo "2583"]

1.d4 d5 2.c4 e6 3.Nc3 c5 4.cxd5 exd5 5.Nf3 Nc6 6.g3 Nf6 7.Bg2 Be7 8.O-O O-O
9.dxc5 Bxc5 10.Na4 Bd6 11.b3 Qe7 12.Bb2 Rd8 13.Nd4 Bd7 14.Rc1 Ne5 15.Nc3 Bc5
16.Qd2 Bg4 17.h3 Bd7 18.Rfd1 Ng6 19.Qd3 Rac8 20.Nxd5 Nxd5 21.Bxd5 Bxh3 22.Nf5 Qc7
23.b4 Nf4 24.gxf4 Bxf2+ 25.Kh1 Qxf4 26.Rxc8 Rxc8 27.Qxh3  1-0

[Event "Aeroflot Open"]
[Site "Moscow RUS"]
[Date "2007.02.17"]
[Round "4"]
[White "Dreev,A"]
[Black "Li Shilong"]
[Result "1/2-1/2"]
[WhiteElo "2658"]
[BlackElo "2531"]

1.d4 Nf6 2.c4 g6 3.Nc3 Bg7 4.e4 O-O 5.f3 d6 6.Nge2 Nc6 7.Be3 a6 8.Qd2 b5
9.cxb5 axb5 10.Nxb5 Na5 11.Rc1 c6 12.Na3 Be6 13.Nc3 d5 14.e5 Nd7 15.Be2 c5
16.f4 cxd4 17.Bxd4 f6 18.exf6 Nxf6 19.Bf3 Ne4 20.Bxe4 dxe4 21.Bxg7 Kxg7 22.Qxd8 Raxd8
23.O-O Bf5 24.Rce1 Rd4 25.Rf2 Rb8 26.b3 Rc8 27.Ne2 Rd2 28.Ng3 e3 29.Rxe3 Rc1+
30.Rf1 Rxf1+ 31.Kxf1 Bd3+ 32.Ne2 Rxa2 33.Rxd3 Rxa3 34.Nd4 Kf6 35.Re3 Ra2
36.Re6+ Kf7 37.Re2 Ra3 38.Rb2 Nb7 39.Ke2 Kf6 40.Kd3 e5 41.fxe5+ Kxe5 42.Kc4 Nd6+
43.Kb4 Ra6 44.Nf3+ Kf4 45.Kc5 Ne4+ 46.Kb5 Rd6 47.b4 g5 48.Kc4 Rc6+ 49.Kb3 Rc3+
50.Ka4 h5 51.b5 Rc4+ 52.Ka3 Nd6 53.b6 g4 54.Nd2 Rc8 55.Rb3 Ke5 56.Kb4 Kd5
57.Rc3 Rb8 58.Rc5+ Ke6 59.Rxh5 Rxb6+ 60.Kc3 Rc6+ 61.Kd3 Nf7 62.Nc4 Ra6 63.Rh4 Kf5
64.g3 Kg5 65.Ne3 Nh6 66.Nd5 Ra3+ 67.Ke4 Ra1 68.Nc7 Re1+ 69.Kd5 Rd1+ 70.Kc6 Rc1+
71.Kd7 Rd1+ 72.Kc6 Rc1+ 73.Kd7  1/2-1/2

[Event "Aeroflot Open"]
[Site "Moscow RUS"]
[Date "2007.02.20"]
[Round "7"]
[White "Savchenko,B"]
[Black "Dreev,A"]
[Result "1/2-1/2"]
[WhiteElo "2562"]
[BlackElo "2658"]

1.e4 c5 2.Nf3 Nc6 3.Nc3 d6 4.d4 cxd4 5.Nxd4 Nf6 6.Bc4 e6 7.Be3 Be7 8.Qe2 a6
9.O-O-O Nxd4 10.Bxd4 b5 11.Bb3 Bb7 12.f4 O-O 13.f5 b4 14.Na4 e5 15.Bxe5 Nxe4
16.Bd4 Qa5 17.Nb6 Rad8 18.Kb1 Bf6 19.Nd5 Bxd5 20.Bxd5 Qxd5 21.Bxf6 Qb7 22.Bd4 Rfe8
23.Qd3 f6 24.g4 Qb5 25.Qxb5 axb5 26.Rd3 Nc5 27.Rg3 Re4 28.Rd1 Rde8 29.Bg1 Re1
30.Kc1 Kf7 31.a3 bxa3 32.Rxa3 R8e4 33.Ra7+ Kg8 34.h3 h5 35.Rc7 hxg4 36.hxg4 Rxd1+
37.Kxd1 Rxg4 38.Bxc5 dxc5 39.Rxc5 b4 40.Ke2  1/2-1/2

[Event "Aeroflot Open"]
[Site "Moscow RUS"]
[Date "2007.02.21"]
[Round "8"]
[White "Dreev,A"]
[Black "Shomoev,A"]
[Result "1/2-1/2"]
[WhiteElo "2658"]
[BlackElo "2556"]

1.d4 Nf6 2.c4 e6 3.Nf3 b6 4.Nc3 Bb7 5.a3 d5 6.cxd5 Nxd5 7.Qc2 Nxc3 8.bxc3 c5
9.e4 Nc6 10.Bb2 Rc8 11.Rd1 cxd4 12.cxd4 Bd6 13.Qb1 Qe7 14.Qa2 O-O 15.Bd3 e5
16.d5 Na5 17.O-O Rc5 18.Qa1 Nb3 19.Qb1 Na5 20.Qa1 Nb3 21.Qa2 Na5 22.Nd2 Bc8
23.f4 f6 24.fxe5 fxe5 25.Rxf8+ Kxf8 26.Rf1+ Kg8 27.Qa1 Rc7 28.Kh1 Bd7 29.a4 Rc8
30.Bc3 Rf8 31.Rxf8+ Kxf8 32.h3 Be8 33.Bb5 Bh5 34.Bxa5 bxa5 35.Nc4 Bg6 36.Qe1 Bb4
37.Qe3 Kg8 38.Bc6 Bc5 39.Qe1 Bb4 40.Qf1 h5 41.Qd1 Bd6 42.Nxa5 Bxe4 43.Qxh5 Qf6
44.Qe8+ Kh7 45.Qh5+ Kg8 46.Qe8+ Kh7 47.Qh5+  1/2-1/2

[Event "Aeroflot Open"]
[Site "Moscow RUS"]
[Date "2007.02.22"]
[Round "9"]
[White "Nepomniachtchi,I"]
[Black "Dreev,A"]
[Result "1/2-1/2"]
[WhiteElo "2587"]
[BlackElo "2658"]

1.e4 c5 2.Nf3 Nc6 3.d4 cxd4 4.Nxd4 Nf6 5.Nc3 d6 6.Bc4 e6 7.Be3 Be7 8.Qe2 a6
9.O-O-O Nxd4 10.Bxd4 b5 11.Bb3 Bb7 12.f3 O-O 13.Qe1 Qc7  1/2-1/2

[Event "8th Karpov"]
[Site "Poikovsky RUS"]
[Date "2007.03.17"]
[Round "3"]
[White "Dreev,A"]
[Black "Jakovenko,D"]
[Result "1/2-1/2"]
[WhiteElo "2658"]
[BlackElo "2691"]

1.d4 Nf6 2.c4 e6 3.Nf3 b6 4.Nc3 Bb7 5.a3 d5 6.cxd5 Nxd5 7.Qc2 Nxc3 8.bxc3 c5
9.e4 Nc6 10.Bb2 cxd4 11.cxd4 Rc8 12.Bd3 Nb4 13.Qa4+ Bc6 14.Bb5 Qd7 15.Bxc6 Nd3+
16.Kd2 Rxc6 17.d5 exd5 18.Nd4 Nxb2 19.Qxc6 Qxc6 20.Nxc6 dxe4 21.Rhb1 Nd3
22.f3 Kd7 23.Nxa7 Bc5 24.fxe4 Nf2 25.a4 Nxe4+ 26.Kd3 f5 27.a5 bxa5 28.Rxa5 Rd8
29.Kc4 Nd2+ 30.Kxc5 Nxb1 31.Nc6 Rc8 32.Ra7+ Rc7 33.Rxc7+ Kxc7 34.Nd4  1/2-1/2

[Event "8th Karpov"]
[Site "Poikovsky RUS"]
[Date "2007.03.18"]
[Round "4"]
[White "Sutovsky,E"]
[Black "Dreev,A"]
[Result "1/2-1/2"]
[WhiteElo "2629"]
[BlackElo "2658"]

1.e4 c5 2.Nf3 Nc6 3.d4 cxd4 4.Nxd4 Nf6 5.Nc3 d6 6.Bg5 Bd7 7.Qd2 Rc8 8.f4 Nxd4
9.Qxd4 Qa5 10.e5 dxe5 11.fxe5 e6 12.O-O-O Bc6 13.Bb5 Nd5 14.Nxd5 Bxb5 15.Nc3 Bc6
16.Rhf1 Qc7 17.Rd2 h6 18.Bh4 g5 19.Bg3 Bg7 20.h4 Qb6 21.Qc4 Qa6 22.Ne4 Qxc4
23.Nd6+ Kf8 24.Nxc4 Bxg2 25.Nd6 Bxf1 26.Nxc8 Kg8 27.Rf2 Bh3 28.Nd6 Rh7 29.hxg5 hxg5
30.Rxf7 Bg2 31.Re7 Rh3 32.Re8+ Kh7 33.Re7 Kg8 34.Re8+ Kh7 35.Re7 Bc6 36.Bf2 g4
37.Bd4 Rh5 38.b4 a6 39.Nxb7 Bxb7 40.Rxb7 g3 41.Kd2 Kg6 42.Ke2 Bxe5  1/2-1/2

[Event "8th Karpov"]
[Site "Poikovsky RUS"]
[Date "2007.03.22"]
[Round "7"]
[White "Dreev,A"]
[Black "Istratescu,A"]
[Result "1/2-1/2"]
[WhiteElo "2658"]
[BlackElo "2619"]

1.d4 Nf6 2.c4 e6 3.Nf3 b6 4.Nc3 Bb4 5.Bg5 Bb7 6.Qc2 c5 7.e3 Bxf3 8.gxf3 cxd4
9.exd4 O-O 10.O-O-O Bxc3 11.Qxc3 Ne4 12.fxe4 Qxg5+ 13.Kb1 Nc6 14.Qg3 Qxg3
15.hxg3 f5 16.exf5 exf5 17.c5 g6 18.f4 Kg7 19.Bb5 Rab8 20.d5 Nd4 21.Rxd4 bxc5
22.Ra4 Rxb5 23.Rxa7 Rf7 24.Re1 c4 25.Rc7 Rxd5 26.Rxc4 Rd3 27.a4 d5 28.Rb4 Rxg3
29.a5 Ra7 30.Rb5 Rf3 31.b4 Rxf4 32.Rb6 Rc7 33.Rc1 Rxc1+ 34.Kxc1 Rf1+ 35.Kb2 Rf2+
36.Kb3 Rf3+ 37.Kb2 Rf2+ 38.Kb3 Rf3+ 39.Ka2 Rf2+ 40.Ka3 Rf3+ 41.Ka2 Rf2+ 42.Kb3  1/2-1/2

[Event "8th Karpov"]
[Site "Poikovsky RUS"]
[Date "2007.03.23"]
[Round "8"]
[White "Zhang Pengxiang"]
[Black "Dreev,A"]
[Result "1/2-1/2"]
[WhiteElo "2643"]
[BlackElo "2658"]

1.e4 c5 2.Nf3 Nc6 3.Nc3 d6 4.d4 cxd4 5.Nxd4 Nf6 6.f3 e5 7.Nb3 Be7 8.Be3 O-O
9.Qd2 a5 10.Nd5 Nxd5 11.exd5 a4 12.dxc6 axb3 13.cxb3 bxc6 14.Bd3 d5 15.O-O c5
16.Qc2 d4 17.Bxh7+ Kh8 18.Be4 dxe3 19.Bxa8 Ba6 20.Be4 e2 21.Rfe1 f5 22.Bxf5 Qd4+
23.Kh1 Bh4 24.g3 Qf2 25.Qe4 Rxf5 26.Qxf5 Bb7 27.Qh5+  1/2-1/2

[Event "8th Karpov"]
[Site "Poikovsky RUS"]
[Date "2007.03.24"]
[Round "9"]
[White "Dreev,A"]
[Black "Bologan,V"]
[Result "1/2-1/2"]
[WhiteElo "2658"]
[BlackElo "2658"]

1.d4 Nf6 2.c4 e6 3.Nf3 b6 4.Nc3 Bb7 5.a3 d5 6.cxd5 Nxd5 7.Qc2 Nxc3 8.bxc3 c5
9.e4 Nc6 10.Bb2 Rc8 11.Bd3 cxd4 12.cxd4 Nb4 13.Qa4+ Bc6 14.Bb5 Qd7 15.Bxc6 Nd3+
16.Kd2 Rxc6 17.d5 exd5 18.Nd4 b5 19.Qxb5 Rb6 20.Qxd7+ Kxd7 21.Kxd3 Rxb2 22.Rhb1 dxe4+
23.Kxe4 Rb6  1/2-1/2

[Event "8th ch-Euro"]
[Site "Dresden GER"]
[Date "2007.04.04"]
[Round "2"]
[White "Dreev,A"]
[Black "Berg,K"]
[Result "1-0"]
[WhiteElo "2658"]
[BlackElo "2406"]

1.d4 Nf6 2.c4 c6 3.Bf4 d6 4.Nc3 g6 5.e3 Bg7 6.h3 O-O 7.Nf3 Nbd7 8.Be2 a6
9.a4 a5 10.O-O Nb8 11.e4 Na6 12.Qd2 Qb6 13.Rad1 Nd7 14.Bh6 Nb4 15.Nh2 Re8
16.Bxg7 Kxg7 17.Ng4 Nf6 18.Qh6+ Kg8 19.e5 dxe5 20.Nxf6+ exf6 21.Ne4 Nd5 22.cxd5 cxd5
23.Nc3 exd4 24.Nxd5 Qd6 25.Bf3  1-0

[Event "8th ch-Euro"]
[Site "Dresden GER"]
[Date "2007.04.06"]
[Round "4"]
[White "Dreev,A"]
[Black "Palac,M"]
[Result "1/2-1/2"]
[WhiteElo "2658"]
[BlackElo "2571"]

1.d4 Nf6 2.c4 e6 3.Nf3 b6 4.Nc3 Bb7 5.a3 d5 6.cxd5 Nxd5 7.Qc2 Nxc3 8.bxc3 c5
9.e4 Nc6 10.Bb2 cxd4 11.cxd4 Rc8 12.Qd2 Bd6 13.Bd3 O-O 14.O-O Na5 15.Qe2 Qd7
16.d5 exd5 17.e5 Rfe8 18.Rad1 Bc5 19.Ng5  1/2-1/2

[Event "8th ch-Euro"]
[Site "Dresden GER"]
[Date "2007.04.07"]
[Round "5"]
[White "Werle,J"]
[Black "Dreev,A"]
[Result "1/2-1/2"]
[WhiteElo "2566"]
[BlackElo "2658"]

1.d4 d5 2.c4 c6 3.Nc3 Nf6 4.Nf3 e6 5.Bg5 h6 6.Bh4 dxc4 7.e4 g5 8.Bg3 b5 9.Be2 Bb7
10.O-O Nbd7 11.Ne5 h5 12.Nxd7 Qxd7 13.Be5 Rh6 14.Qc1 Nh7 15.h4 gxh4 16.Qe3 Nf6
17.Bxf6 Rxf6 18.e5 Rf5 19.Ne4 c5 20.dxc5 Bxe4 21.Qxe4 Qd5 22.Bf3 Rxf3 23.gxf3 Qxe4
24.fxe4 Bxc5 25.Rad1 a5 26.a4 bxa4 27.Rc1 Rc8 28.Kg2 Bb4 29.Ra1 c3 30.bxc3 Rxc3
31.Rxa4 h3+ 32.Kh2 Kd7 33.f3 Kc6 34.Kxh3 Kb5 35.Ra2 a4 36.Kh4 a3 37.Kxh5 Ka4
38.Kh6 Kb3 39.Rg2 Rc7 40.Rb1+ Ka4 41.Kg7 f5+ 42.Kf6 fxe4 43.fxe4 Rc6 44.Kf7 Bc3
45.Rc2 Rc7+ 46.Kxe6 Bxe5 47.Ra2 Rc5 48.Rb7 Bc3 49.Rc2 Bd4 50.Rd2 Bc3 51.Re2 Rb5
52.Ra7+ Kb4 53.e5 Rxe5+ 54.Rxe5 Bxe5 55.Kxe5 Kb3 56.Kd4 a2 57.Kd3 Kb2 58.Kd2 a1=Q
59.Rxa1 Kxa1  1/2-1/2

[Event "8th ch-Euro"]
[Site "Dresden GER"]
[Date "2007.04.08"]
[Round "6"]
[White "Dreev,A"]
[Black "Ovetchkin,R"]
[Result "1-0"]
[WhiteElo "2658"]
[BlackElo "2534"]

1.d4 e6 2.c4 Nf6 3.Nf3 d5 4.Nc3 c6 5.e3 a6 6.b3 Bb4 7.Bd2 O-O 8.Bd3 Nbd7
9.O-O Qe7 10.Qc2 h6 11.Rad1 Re8 12.Rfe1 dxc4 13.bxc4 e5 14.dxe5 Nxe5 15.Nxe5 Qxe5
16.Ne4 Bxd2 17.Nxd2 b5 18.Nf3 Qc5 19.Nd4 Ra7 20.Rb1 Rae7 21.cxb5 Qxc2 22.Bxc2 cxb5
23.Rec1 Bd7 24.Bb3 b4 25.Nc6 Bxc6 26.Rxc6 Ra8 27.Rbc1 Ne4 28.Rc8+ Rxc8 29.Rxc8+ Kh7
30.Bc2 g6 31.h4 h5 32.Rc4 Nc3 33.Rxb4 Nxa2 34.Ra4 Nc3 35.Rxa6 Rc7 36.Kh2 Kg7
37.g3 Nd5 38.Bb3 Nf6 39.Ra2 Rb7 40.Bc4 Rc7 41.Bd3 Rd7 42.Bb5 Rb7 43.Bc6 Rc7
44.Bf3 Re7 45.Kg2 Rc7 46.Be2 Rd7 47.Rc2 Ra7 48.f3 Nd5 49.Kf2 Re7 50.e4 Nf6
51.Ke3 Nd5+ 52.Kd4 Nf6 53.Rc6 Rd7+ 54.Ke3 Re7 55.Bc4 Nh7 56.Kf4 Nf6 57.e5 Nh7
58.Ke4 Nf8 59.f4 Nd7 60.Bd5 Nf8 61.Ra6 Nd7 62.Kd4 Nf8 63.Kc5 Rc7+ 64.Kd6 Rd7+
65.Kc6 Re7 66.Ra8 Kg8 67.Rc8 Ra7 68.Rc7 Ra6+ 69.Kb5 Ra3 70.Rxf7 Rxg3 71.e6 Nxe6
72.Bxe6 Re3 73.Bd5 Rh3 74.Kc5 Rxh4 75.Kd6 Rh2 76.Ke5 Rf2 77.f5  1-0

[Event "8th ch-Euro"]
[Site "Dresden GER"]
[Date "2007.04.09"]
[Round "7"]
[White "Gajewski,G"]
[Black "Dreev,A"]
[Result "1/2-1/2"]
[WhiteElo "2540"]
[BlackElo "2633"]

1.d4 d5 2.c4 c6 3.Nf3 Nf6 4.Nc3 e6 5.Bg5 h6 6.Bh4 dxc4 7.e4 g5 8.Bg3 b5 9.Be2 Bb7
10.O-O Nbd7 11.Ne5 Bg7 12.Nxd7 Nxd7 13.Bd6 a6 14.Bh5 Bf8 15.Bxf8 Rxf8 16.d5 Qe7
17.b3 cxb3 18.Qxb3 Ne5 19.Rac1 c5 20.dxe6 O-O-O 21.exf7 Rd3 22.Be2 Qxf7 23.Bxd3 Nxd3
24.Rcd1 c4 25.Qc2 Qe6 26.f3 Kb8 27.Rxd3 cxd3 28.Qxd3 Qb6+ 29.Kh1 Rd8 30.Nd5 Qc5
31.Rd1 Ka7 32.Qd2 Bxd5 33.exd5 Rd6 34.Qd3 Kb6 35.h3 b4 36.a3 bxa3 37.Rb1+ Ka5
38.Rb3 Ka4 39.Rc3 Qb4 40.Rc4 a5 41.Rxb4+ axb4 42.Qc4 Rf6 43.Kh2 Rf4 44.Qa6+ Kb3
45.d6 Rd4 46.d7 Rxd7 47.Qe6+ Kb2 48.Qxd7 b3 49.Qg7+ Kb1 50.Qg6+ Kb2 51.Qf6+ Kb1
52.Qf5+ Kb2 53.Qe5+ Kb1 54.Qe1+ Kb2 55.Qd2+ Kb1 56.Qb4 Kb2 57.Qd4+ Kb1 58.Qc3 Ka2
59.Qc4 Kb2 60.Qd4+ Kb1 61.Qc4 Kb2 62.h4 a2 63.Qd4+ Kb1 64.hxg5 hxg5 65.Qe4+ Kb2
66.Qe5+ Kb1 67.Qc3 b2 68.Qd3+ Kc1 69.Qc4+ Kb1 70.Qd3+ Kc1 71.Qc3+  1/2-1/2

[Event "8th ch-Euro"]
[Site "Dresden GER"]
[Date "2007.04.12"]
[Round "9"]
[White "Arutinian,D"]
[Black "Dreev,A"]
[Result "1/2-1/2"]
[WhiteElo "2544"]
[BlackElo "2633"]

1.c4 c6 2.e4 d5 3.exd5 cxd5 4.d4 Nf6 5.Nc3 e6 6.Nf3 Bb4 7.cxd5 Nxd5 8.Bd2 Nc6
9.Bd3 O-O 10.O-O Be7 11.Re1 Nf6 12.Bg5 Nd5 13.Bc1 Bf6 14.Be4 Nce7 15.Qd3 Ng6
16.Qb5 Nxc3 17.bxc3 Qc7 18.Bd2 Rb8 19.Qh5 Bd7 20.Ng5 Bxg5 21.Qxg5 Bc6 22.Bc2 Rbd8
23.Qg4 Rd5 24.Bb3 Rf5 25.c4 h5 26.Qg3 Qxg3 27.hxg3 Rd8 28.Be3 Ra5 29.a4 Ne7
30.d5 Bd7 31.Bg5 Re8 32.Bd2 Rc5 33.a5 Nf5 34.Bb4 Rcc8 35.Rad1 exd5 36.Rxe8+ Rxe8
37.cxd5 Re4 38.Bc5 b6 39.axb6 axb6 40.Bc2 Rc4 41.Bxf5 Bxf5 42.Bxb6 Rb4 43.Be3 Rb1  1/2-1/2

[Event "8th ch-Euro"]
[Site "Dresden GER"]
[Date "2007.04.13"]
[Round "10"]
[White "Dreev,A"]
[Black "Kurnosov,I"]
[Result "0-1"]
[WhiteElo "2633"]
[BlackElo "2566"]

1.d4 Nf6 2.c4 g6 3.Nc3 d5 4.cxd5 Nxd5 5.Bd2 Nb6 6.Nf3 Bg7 7.Rc1 Nc6 8.e3 e5
9.Bb5 O-O 10.Bxc6 exd4 11.Nxd4 bxc6 12.Nce2 Qg5 13.O-O c5 14.Nf3 Qe7 15.Bc3 Rd8
16.Qe1 Bh6 17.Ne5 Rd6 18.b3 Ba6 19.Nc4 Bxc4 20.bxc4 Nxc4 21.Ng3 Qe6 22.Rc2 Rad8
23.Qe2 Nb6 24.Ba1 c4 25.a4 Rd3 26.a5 Na4 27.Rfc1 Nc5 28.Bc3 Nb3 29.Re1 Bg7
30.Bxg7 Kxg7 31.h4 c3 32.Nf1 h5 33.a6 c5 34.Qf3 R8d7 35.Qf4 Qxa6 36.Ng3 Qf6
37.Qc4 Rd1 38.Rf1 R7d2 39.Ne4 Rxf1+ 40.Qxf1 Rxc2  0-1

[Event "Chess Classic GM"]
[Site "Gausdal NOR"]
[Date "2007.04.18"]
[Round "1"]
[White "Portisch,L"]
[Black "Dreev,A"]
[Result "1/2-1/2"]
[WhiteElo "2512"]
[BlackElo "2633"]

1.d4 d5 2.Nf3 c6 3.c4 Nf6 4.Qb3 dxc4 5.Qxc4 Bf5 6.g3 e6 7.Bg2 Nbd7 8.O-O Be7
9.e3 O-O 10.Qe2 Ne4 11.Rd1 Qc7 12.Nbd2 Rad8 13.Nh4  1/2-1/2